Building management mannual
| Format: | Book |
|---|---|
| Published: |
London :
The Royal Institution of Chartered Surveyors ,
1983
|
| Subjects: |
MARC
| LEADER | 00000cam a2200000 7i4500 | ||
|---|---|---|---|
| 001 | 0000001973 | ||
| 005 | 20050615.0 | ||
| 040 | |a INS | ||
| 090 | 0 | 0 | |a TH438. |b M63 1983 |
| 245 | 1 | 0 | |a Building management mannual |
| 260 | |a London : |b The Royal Institution of Chartered Surveyors , |c 1983 | ||
| 650 | 0 | 0 | |a Building |x Management |
| 999 | |a 0000001560 |b BOOK |c Open Shelf |e Default branch | ||